Biológia rastlín pre 2. triedu gymnázií

Bibliographic Details
Main Authors: Řetovský, Rudolf, 1904-1965 (Author), Vaník, Andrej (Adapter, Translator)
Format: Book
Language:Slovak
Czech
PhysicalDescription:284 s. V. 8°
Published: Bratislava Slovenské pedagogické nakladateľstvo 1953
Edition:1. vyd.
Subjects:

MARC

LEADER 00000cam a2200000 a 4500
001 vtls008395033
003 SK-MaSNL
005 20260301165109.0
008 181109s1953 xo a 000 0 slo
015 |a SKSNBA19451955-010153 
035 |a SK01SNKBKSFS20010087250 
035 |a SKM000089713 
040 |a SNK  |b slo  |c SNK  |e AACR2 
041 1 |a slo  |h cze 
044 |a xo  |c SK 
080 |a 589(075)  |2 1981 
080 |a 373(075)  |2 1981 
100 1 |a Řetovský, Rudolf,  |d 1904-1965  |4 aut  |9 198634 
245 1 0 |a Biológia rastlín pre 2. triedu gymnázií  |c podľa čes. učebnice Rudolfa Řetovského s komisiou pre slov. vyd. uprav. Andrej Vaník 
250 |a 1. vyd. 
260 |a Bratislava  |b Slovenské pedagogické nakladateľstvo  |c 1953  |e Žilina  |f Pravda 
300 |a 284 s.  |c V. 8° 
366 |e 2000 výtlač. 
500 |a Ilustrované 
504 |a Vecný register. Menný register 
505 0 |a Syst. prehľad semenných rastlín 
650 0 7 |a botanika  |x učebnice gymnázií  |2 SNK  |9 533381 
655 7 |a učebnice  |2 SNKPH  |9 22521 
700 1 |a Vaník, Andrej  |4 adp  |4 trl  |9 399929 
852 |a Slovenská národná knižnica v Martine  |b 10000  |h SD 8591 
958 |a OND 
958 |a RK 
958 |a TL 
999 |c 823005  |d 824935 
952 |a SNK  |b SNK  |y PREZ  |7 0  |p 17A0370140  |o snkSD 8591  |0 0  |1 0  |4 0  |d 2003-01-14  |l 0  |r 2025-11-21 00:00:00  |w 2026-02-24 
952 |a SNK  |b SNK  |y VYP  |7 0  |p 17A1185495  |o snkSD 8591 D1  |i snkKSF 4410/56  |8 5  |0 0  |1 0  |4 0  |d 2016-05-04  |l 0  |r 2026-02-24 03:12:36  |w 2026-02-24